000
00297nam a22001217a 4500
040
_c
0
082
_a
297.63
_b
G4111 I
100
_a
Dr.Khalid Ghaznavi
245
_a
Amraz-e-Jild aur Elaj-e-Nabvi
260
_a
Lahore
_b
Al Faisal Nashran-O-Tajraj Kitab
_c
1995
300
_a
352p.
942
_2
ddc
_c
BK
999
_c
614645
_d
614645